| Tag |
First Indicator |
Second Indicator |
Subfields |
| LEADER |
00000cam a22000004a 4500 |
| 001 |
in00001757504 |
| 005 |
20151025051743.0 |
| 008 |
021015s2003 nyua b 001 0 eng |
| 010 |
|
|
|a 2002152001
|
| 015 |
|
|
|a GBA3-Y3574
|
| 020 |
|
|
|a 0814407617
|
| 035 |
|
|
|a (OCoLC)ocm50803496
|
| 040 |
|
|
|a DLC
|c DLC
|d UKM
|d C#P
|d TXA
|d UtOrBLW
|
| 042 |
|
|
|a pcc
|
| 049 |
|
|
|a TXAM
|
| 050 |
0 |
0 |
|a HD61
|b .K46 2003
|
| 082 |
0 |
0 |
|a 658.4/04
|2 21
|
| 100 |
1 |
|
|a Kendrick, Tom.
|
| 245 |
1 |
0 |
|a Identifying and managing project risk :
|b essential tools for failure-proofing your project /
|c Tom Kendrick.
|
| 264 |
|
1 |
|a New York :
|b AMACOM,
|c [2003]
|
| 264 |
|
4 |
|c ©2003
|
| 300 |
|
|
|a xiv, 354 pages :
|b illustrations ;
|c 24 cm.
|
| 336 |
|
|
|a text
|b txt
|2 rdacontent
|
| 337 |
|
|
|a unmediated
|b n
|2 rdamedia
|
| 338 |
|
|
|a volume
|b nc
|2 rdacarrier
|
| 504 |
|
|
|a Includes bibliographical references (pages 345-347) and index.
|
| 650 |
|
0 |
|a Risk management.
|
| 650 |
|
0 |
|a Project management.
|
| 994 |
|
|
|a E0
|b TXA
|
| 948 |
|
|
|a cataloged
|b h
|c 2003/5/1
|d c
|e bwalker
|f 1:18:49 pm
|
| 999 |
|
|
|a MARS
|
| 999 |
f |
f |
|s 265540a4-545d-30b8-bb09-877df32a2197
|i ca0f6213-b97d-3b85-aebf-6c2eb23b0872
|t 0
|
| 952 |
f |
f |
|p ric
|a Texas A&M University
|b Rellis Campus
|c Joint Library Facility
|d Remote Storage
|t 0
|e HD61 .K46 2003
|h Library of Congress classification
|i unmediated -- volume
|m A14830085574
|
| 998 |
f |
f |
|a HD61 .K46 2003
|t 0
|l Remote Storage
|